The nun (Record no. 22284)
[ view plain ]
| 000 -LEADER | |
|---|---|
| fixed length control field | 01543nam a22003494a 4500 |
| 082 04 - DEWEY DECIMAL CLASSIFICATION NUMBER | |
| Classification number | 843/.5 |
| 100 1# - MAIN ENTRY--AUTHOR NAME | |
| Personal name | Diderot, Denis, |
| 245 14 - TITLE STATEMENT | |
| Title | The nun |
| 260 ## - PUBLICATION, DISTRIBUTION, ETC. (IMPRINT) | |
| Place of publication | Oxford ; |
| -- | New York : |
| Name of publisher | Oxford University Press, |
| Year of publication | 2005. |
| 300 ## - PHYSICAL DESCRIPTION | |
| Number of Pages | xliii, 189 p. |
| 490 1# - SERIES STATEMENT | |
| Series statement | Oxford world's classics |
| 520 ## - SUMMARY, ETC. | |
| Summary, etc | "This novel takes the life of a young girl forced by her parents to enter a convent as its subject matter and provides an insight into the effects of forced vocations"--Provided by publisher. |
| 700 1# - ADDED ENTRY--PERSONAL NAME | |
| Personal name | Goulbourne, Russell. |
| 856 40 - ELECTRONIC LOCATION AND ACCESS | |
| Uniform Resource Identifier | http://site.ebrary.com/lib/rucke/Doc?id=10271590 |
No items available.
